000 00868nam a2200253Ia 4500
003 OSt
005 20220927104119.0
006 a|||||r|||| 00| 0
007 ta
008 220926b |||||||| |||| 00| 0 eng d
024 _a96777
037 _cReference Collections
040 _aRTL
_cRTL
_beng
041 _2eng
_aeng
082 _a"Y15-9(X:87).758.N9, N1/UN"
110 _a"United Nations, Social Development and Humanitarian Affairs (Centre for-)"
_9364223
245 0 _aWomen in decision making
_b Case study on Costa Rica
260 _aNew
_bYork UN
_c1991
300 _a59p
_ccm.
650 _aWomen Sociology
_9364224
700 _a"United Nations, Social Development and Humanitarian Affairs (Centre for-)"
_9364225
942 _h"Y15-9(X:87).758.N9, N1/UN"
_cCC
999 _c686133
_d686133